<?xml version="1.0" encoding="UTF-8"?>
<record
    xmlns:xsi="http://www.w3.org/2001/XMLSchema-instance"
    xsi:schemaLocation="http://www.loc.gov/MARC21/slim http://www.loc.gov/standards/marcxml/schema/MARC21slim.xsd"
    xmlns="http://www.loc.gov/MARC21/slim">

  <leader>02677nam a2200373 a 4500</leader>
  <controlfield tag="001">ebr10677986</controlfield>
  <controlfield tag="003">CaPaEBR</controlfield>
  <controlfield tag="006">m        u        </controlfield>
  <controlfield tag="007">cr cn|||||||||</controlfield>
  <controlfield tag="008">090303s2009    nyua    sb    001 0 eng d</controlfield>
  <datafield tag="010" ind1=" " ind2=" ">
    <subfield code="z">  2009009166</subfield>
  </datafield>
  <datafield tag="020" ind1=" " ind2=" ">
    <subfield code="z">9781607413738 (hardcover)</subfield>
  </datafield>
  <datafield tag="020" ind1=" " ind2=" ">
    <subfield code="z">1607413736 (hardcover)</subfield>
  </datafield>
  <datafield tag="020" ind1=" " ind2=" ">
    <subfield code="z">9781614705772 (e-book)</subfield>
  </datafield>
  <datafield tag="040" ind1=" " ind2=" ">
    <subfield code="a">CaPaEBR</subfield>
    <subfield code="c">CaPaEBR</subfield>
  </datafield>
  <datafield tag="035" ind1=" " ind2=" ">
    <subfield code="a">(OCoLC)836869512</subfield>
  </datafield>
  <datafield tag="050" ind1="1" ind2="4">
    <subfield code="a">Q175</subfield>
    <subfield code="b">.P5116 2009eb</subfield>
  </datafield>
  <datafield tag="082" ind1="0" ind2="4">
    <subfield code="a">501</subfield>
    <subfield code="2">22</subfield>
  </datafield>
  <datafield tag="245" ind1="0" ind2="0">
    <subfield code="a">Philosophical insights about modern science</subfield>
    <subfield code="h">[electronic resource] /</subfield>
    <subfield code="c">Eva &#xFFFD;Zerovnik, Olga Marki&#xFFFD;c, and Andrej Ule, editors.</subfield>
  </datafield>
  <datafield tag="260" ind1=" " ind2=" ">
    <subfield code="a">New York :</subfield>
    <subfield code="b">Nova Science Publishers,</subfield>
    <subfield code="c">c2009.</subfield>
  </datafield>
  <datafield tag="300" ind1=" " ind2=" ">
    <subfield code="a">xxxi, 321 p. :</subfield>
    <subfield code="b">ill.</subfield>
  </datafield>
  <datafield tag="490" ind1="1" ind2=" ">
    <subfield code="a">Scientific revolutions series</subfield>
  </datafield>
  <datafield tag="504" ind1=" " ind2=" ">
    <subfield code="a">Includes bibliographical references and index.</subfield>
  </datafield>
  <datafield tag="505" ind1="0" ind2=" ">
    <subfield code="a">Part A. Contemporary science : new developments -- Neuroplasticity, or the importance of having a plastic brain / Maja Bresjanac &amp; Grega Repov&#xFFFD;s -- The genes and the junk : recent advances in the studies of gene regulation / Matja&#xFFFD;z Barbori&#xFFFD;c ... [et al.] -- Understanding molecular background of Alzheimer's disease : in search for a cure / Eva &#xFFFD;Zerovnik -- Advances in stem cell research / Anthony Atala -- Reflections on stem cells usage in restoring neurodegenerative damage / Franz-Josef M&#xFFFD;uller, Jeanne F. Loring, and Paul Christian Baier -- How intelligent can robots become : implications and concerns / Matja&#xFFFD;z Gams -- The concept of free will entering the field of neurological sciences / Zvezdan Pirto&#xFFFD;sek -- Neuroscience and the image of the mind / Olga Marki&#xFFFD;c -- Part B. Beyond the current knowledge : a more holistic view -- Ways to new sustainable energy sources / Andrej Detela -- Evidence for biofield / Igor Jerman, Robert T. Leskovar and Rok Kra&#xFFFD;sovec -- How to research experience? / Urban Korde&#xFFFD;s -- Consciousness and vision / Mitja Peru&#xFFFD;s -- Natural and machine learning, intelligence and consciousness / Igor Kononenko -- Philosophical reflections on the history and future of science and spirituality / Thomas C. Daffern.</subfield>
  </datafield>
  <datafield tag="533" ind1=" " ind2=" ">
    <subfield code="a">Electronic reproduction.</subfield>
    <subfield code="b">Palo Alto, Calif. :</subfield>
    <subfield code="c">ebrary,</subfield>
    <subfield code="d">2013.</subfield>
    <subfield code="n">Available via World Wide Web.</subfield>
    <subfield code="n">Access may be limited to ebrary affiliated libraries.</subfield>
  </datafield>
  <datafield tag="650" ind1=" " ind2="0">
    <subfield code="a">Science</subfield>
    <subfield code="x">Philosophy.</subfield>
  </datafield>
  <datafield tag="655" ind1=" " ind2="7">
    <subfield code="a">Electronic books.</subfield>
    <subfield code="2">local</subfield>
  </datafield>
  <datafield tag="700" ind1="1" ind2=" ">
    <subfield code="a">Zerovnik, Eva.</subfield>
  </datafield>
  <datafield tag="700" ind1="1" ind2=" ">
    <subfield code="a">Marki&#xFFFD;c, Olga.</subfield>
  </datafield>
  <datafield tag="700" ind1="1" ind2=" ">
    <subfield code="a">Ule, A.</subfield>
    <subfield code="q">(Andrej)</subfield>
  </datafield>
  <datafield tag="710" ind1="2" ind2=" ">
    <subfield code="a">ebrary, Inc.</subfield>
  </datafield>
  <datafield tag="830" ind1=" " ind2="0">
    <subfield code="a">Scientific revolutions series.</subfield>
  </datafield>
  <datafield tag="856" ind1="4" ind2="0">
    <subfield code="u">http://site.ebrary.com/lib/rucke/Doc?id=10677986</subfield>
    <subfield code="z">An electronic book accessible through the World Wide Web; click to view</subfield>
  </datafield>
  <datafield tag="999" ind1=" " ind2=" ">
    <subfield code="c">168333</subfield>
    <subfield code="d">168333</subfield>
  </datafield>
</record>
